[Event "January 1800+ "]
[Site "SchemingMind.com"]
[Date "2015.01.07"]
[Round "-"]
[White "reptile"]
[Black "David Perna-Fraser"]
[Result "1/2-1/2"]
[WhiteCountry "ISR"]
[BlackCountry "CAN"]
[WhiteElo "2156"]
[WhiteRD "87"]
[BlackElo "2257"]
[BlackRD "58"]
[GameID "372618"]

1. d4 f5 2. g3 Nf6 3. Bg2 e6 4. Nc3 Be7 5. Bf4 O-O 6. h4 c5 7. d5 Qb6 8. d6 Bd8 9. Rb1 Nc6 10. Nf3 Qa6
11. O-O Rb8 12. Nd2 b5 13. Nb3 c4 14. Nc5 Qb6 15. b4 cxb3 16. Nxb3 Ng4 17. e4 h5 18. exf5 Rxf5 19. Be4 Rxf4 20. gxf4 Bxh4
21. Nd5 exd5 22. Qxd5+ Kf8 23. Qxh5 Bxf2+ 24. Kg2 Nf6 25. Qh8+ Kf7 26. Rxf2 Nxe4 27. Qh5+ Kf8 28. Qh8+ Kf7 29. Qh5+ Kf8 30. Qh8+ Kf7=
1/2-1/2

[Event "January 1800+ "]
[Site "SchemingMind.com"]
[Date "2015.01.07"]
[Round "-"]
[White "David Perna-Fraser"]
[Black "reptile"]
[Result "1-0"]
[WhiteCountry "CAN"]
[BlackCountry "ISR"]
[WhiteElo "2257"]
[WhiteRD "58"]
[BlackElo "2156"]
[BlackRD "87"]
[GameID "372619"]

1. e4 e5 2. Nf3 Nc6 3. Bc4 Bc5 4. O-O Nf6 5. d4 Bxd4 6. Nxd4 Nxd4 7. f4 d6 8. fxe5 dxe5 9. Bg5 Bg4 10. Bxf7+ Kxf7
11. Qxg4 Nxc2 12. Qh5+ Ke6 13. Bxf6 gxf6 14. Nc3 c6 15. Rad1 Nd4 16. Ne2 c5 17. b4 Rf8 18. bxc5 Nxe2+ 19. Qxe2 Qc7 20. Rd6+ Ke7
21. Qc4 Rf7 22. g3 Re8 23. Qd5 Kf8 24. Rdxf6 Rxf6 25. Rxf6+ Kg7 26. Rd6 Qf7 27. Rd7 Re7 28. Qxf7+ Kxf7 29. Rxe7+ Kxe7 30. g4 Kf6
31. h4
1-0

[Event "January 1800+ "]
[Site "SchemingMind.com"]
[Date "2015.01.07"]
[Round "-"]
[White "MazetaFighter"]
[Black "David Perna-Fraser"]
[Result "0-1"]
[WhiteCountry "GRE"]
[BlackCountry "CAN"]
[WhiteElo "1983"]
[WhiteRD "85"]
[BlackElo "2265"]
[BlackRD "58"]
[GameID "372620"]

1. d4 f5 2. g3 Nf6 3. Bg2 e6 4. c4 Be7 5. Nf3 O-O 6. O-O d6 7. Nc3 Ne4 8. Nxe4 fxe4 9. Nd2 d5 10. f3 Nc6
11. fxe4 Rxf1+ 12. Nxf1 dxc4 13. Be3 Bd7 14. Rc1 b5 15. e5 Rb8 16. b3 Ba3 17. Rb1 c3 18. Qc2 Bb2 19. Bxc6 Bxc6
0-1

[Event "January 1800+ "]
[Site "SchemingMind.com"]
[Date "2015.01.07"]
[Round "-"]
[White "David Perna-Fraser"]
[Black "MazetaFighter"]
[Result "1/2-1/2"]
[WhiteCountry "CAN"]
[BlackCountry "GRE"]
[WhiteElo "2257"]
[WhiteRD "58"]
[BlackElo "2009"]
[BlackRD "78"]
[GameID "372621"]

1. e4 e5 2. Nf3 Nc6 3. Bc4 Bc5 4. O-O Nf6 5. d4 Bxd4 6. Nxd4 Nxd4 7. f4 d6 8. fxe5 dxe5 9. Bg5 Qe7 10. Na3 Bd7
11. Qe1 Ne6 12. Bxf6 gxf6 13. Qe3 Rg8 14. Rf2 Nf4 15. Rd2 a6 16. g3 Ne6 17. Bxe6 Qxe6 18. Rad1 Rd8 19. Nb1 Qb6 20. Qxb6 cxb6
21. Nc3 Rh8 22. Nd5 Bc6 23. Nxf6+ Ke7 24. Rxd8 Rxd8 25. Rxd8 Kxd8 26. g4 Ke7 27. g5 Kd6 28. Kf2 Ke6 29. Ke3 h6 30. h4 b5
31. Nh7 hxg5 32. Nxg5+ Kf6 33. Nf3 Ke6=
1/2-1/2

[Event "January 1800+ "]
[Site "SchemingMind.com"]
[Date "2015.01.07"]
[Round "-"]
[White "John Hamer"]
[Black "David Perna-Fraser"]
[Result "0-1"]
[WhiteCountry "ENG"]
[BlackCountry "CAN"]
[WhiteElo "2062"]
[WhiteRD "57"]
[BlackElo "2253"]
[BlackRD "56"]
[GameID "372622"]

1. g3 e5 2. Bg2 d5 3. Nf3 e4 4. Nd4 c5 5. Nb3 c4 6. Nd4 Bc5 7. c3 Nc6 8. Nxc6 bxc6 9. b3 cxb3 10. axb3 h5
11. d4 Bd6 12. O-O h4 13. Qc2 hxg3 14. hxg3 Qf6 15. c4 Ne7 16. cxd5 cxd5 17. Nc3 Qf5 18. f4 Qh7 19. Nxd5 Bb7 20. Ne3 Qh2+
21. Kf2 Rh3
0-1

[Event "January 1800+ "]
[Site "SchemingMind.com"]
[Date "2015.01.07"]
[Round "-"]
[White "David Perna-Fraser"]
[Black "John Hamer"]
[Result "1/2-1/2"]
[WhiteCountry "CAN"]
[BlackCountry "ENG"]
[WhiteElo "2253"]
[WhiteRD "56"]
[BlackElo "2062"]
[BlackRD "57"]
[GameID "372623"]

1. e4 Nc6 2. d4 d5 3. e5 Bf5 4. Nf3 e6 5. Bb5 Ne7 6. O-O h6 7. Be3 a6 8. Ba4 b5 9. Bb3 Na5 10. Qe2 Ng6
11. Nc3 Be7 12. h3 O-O 13. g4 Be4 14. Nd2 Nxb3 15. axb3 c5 16. Ndxe4 dxe4 17. dxc5 Qc7 18. b4 Qxe5 19. f4 exf3 20. Qxf3 f5
21. gxf5 Rad8 22. Bxh6 gxh6 23. Qg2 Bg5 24. fxg6 Rxf1+ 25. Rxf1 Rd2 26. Rf2 Rxf2 27. Kxf2 Qe3+=
1/2-1/2

[Event "January 1800+ "]
[Site "SchemingMind.com"]
[Date "2015.01.07"]
[Round "-"]
[White "David Carter"]
[Black "David Perna-Fraser"]
[Result "0-1"]
[WhiteCountry "USA"]
[BlackCountry "CAN"]
[WhiteElo "2060"]
[WhiteRD "62"]
[BlackElo "2253"]
[BlackRD "56"]
[GameID "372624"]

1. d4 Nf6 2. c4 c5 3. d5 d6 4. Nc3 g6 5. e4 Bg7 6. Nf3 O-O 7. h3 e6 8. Bd3 exd5 9. exd5 Re8+ 10. Be3 Bh6
11. O-O Bxe3 12. fxe3 Qe7 13. e4 Nbd7 14. Qd2 Ne5 15. Nxe5 Qxe5 16. Rf3 Re7 17. Raf1 Ne8 18. Qf2 f6 19. Bc2 Bd7 20. b3 b6
21. Ne2 b5 22. Bd3 bxc4 23. bxc4 Rb8 24. Nf4 Rb2 25. Qg3 Rxa2
0-1

[Event "January 1800+ "]
[Site "SchemingMind.com"]
[Date "2015.01.07"]
[Round "-"]
[White "David Perna-Fraser"]
[Black "David Carter"]
[Result "1-0"]
[WhiteCountry "CAN"]
[BlackCountry "USA"]
[WhiteElo "2265"]
[WhiteRD "58"]
[BlackElo "2046"]
[BlackRD "68"]
[GameID "372625"]

1. e4 e5 2. Nf3 Nc6 3. Bc4 Nf6 4. Ng5 d5 5. exd5 Na5 6. Bb5+ c6 7. dxc6 bxc6 8. Be2 h6 9. Nf3 e4 10. Ne5 Bc5
11. c3 Qc7 12. d4 exd3 13. Nxd3 Bd6 14. Nd2 O-O 15. b4 Nb7 16. Nc4 Nd5 17. Nxd6 Nxc3 18. Qd2 Nxe2 19. Qxe2 Nxd6 20. Bf4 Ba6
21. O-O Rad8 22. Rfd1 Rfe8 23. Qc2 Qe7 24. Nc5 Be2 25. Re1 Nb5 26. Be3 Bh5 27. Rac1 Nd4 28. Qc4 Rd5 29. Nb3 Ne2+ 30. Rxe2 Bxe2
31. Qxe2 Qxb4 32. Rxc6 a5 33. h3 a4 34. Nc1 Qa3 35. Qc2 Rdd8 36. Rc4 Ra8 37. Bc5
1-0

[Event "January 1800+ "]
[Site "SchemingMind.com"]
[Date "2015.01.07"]
[Round "-"]
[White "Kent"]
[Black "David Perna-Fraser"]
[Result "1/2-1/2"]
[WhiteCountry "USA"]
[BlackCountry "CAN"]
[WhiteElo "2142"]
[WhiteRD "71"]
[BlackElo "2253"]
[BlackRD "56"]
[GameID "372626"]

1. d4 Nf6 2. c4 c5 3. d5 d6 4. Nc3 g6 5. e4 Bg7 6. h3 O-O 7. Nf3 e6 8. Bd3 exd5 9. exd5 Re8+ 10. Be3 Bh6
11. O-O Bxe3 12. fxe3 Qe7 13. e4 Nbd7 14. Qd2 Ne5 15. Nxe5 Qxe5 16. Qf4 Kg7 17. Nb5 Rd8 18. Nxd6 Qxf4 19. Rxf4 Rxd6 20. Raf1 Bf5
21. exf5 g5 22. R4f2 Re8 23. Re2 Rxe2 24. Bxe2 Kf8 25. Rf3 Rb6 26. b3 Ra6 27. a4 Rd6 28. g4 Rd8 29. Rd3 Ke7 30. Bf3 Kd6
31. Kf2 Re8 32. Rd2 a5 33. Re2=
1/2-1/2

[Event "January 1800+ "]
[Site "SchemingMind.com"]
[Date "2015.01.07"]
[Round "-"]
[White "David Perna-Fraser"]
[Black "Kent"]
[Result "1/2-1/2"]
[WhiteCountry "CAN"]
[BlackCountry "USA"]
[WhiteElo "2253"]
[WhiteRD "56"]
[BlackElo "2142"]
[BlackRD "71"]
[GameID "372627"]

1. e4 e6 2. d4 d5 3. exd5 exd5 4. Nf3 Nc6 5. Bb5 Bd6 6. O-O Ne7 7. c4 dxc4 8. Bxc4 O-O 9. Nc3 Bg4 10. h3 Bh5
11. Bg5 h6 12. Bxe7 Bxe7 13. Re1 Re8 14. Qd3 Kh8 15. Nd5 Bd6 16. Rxe8+ Qxe8 17. Re1 Qd8 18. Ne5 Qg5 19. f4 Qh4 20. Re3 Bxe5
21. dxe5 Bg6 22. Qc3 Ne7 23. Nxe7 Qxe7 24. g4 Rd8 25. f5 Bh7 26. e6 fxe6 27. Rxe6 Qc5+ 28. Kf1 b5 29. Be2 Qxc3 30. bxc3 Bg8
31. Rc6 Bxa2 32. Bxb5 Rd7 33. Ra6 Rd5 34. Be2 Bb3 35. Ra3 Bc2 36. Ra2 Bb1 37. Rxa7 Rc5 38. c4 g6 39. fxg6 Bxg6 40. h4 Bf7
41. Ra4 Kg7 42. Kf2 Kf6 43. Ke3 Ke5 44. g5 hxg5 45. hxg5 Be8 46. g6 Bxg6 47. Ra8=
1/2-1/2

[Event "January 1800+ "]
[Site "SchemingMind.com"]
[Date "2015.01.07"]
[Round "-"]
[White "Stephen Woodhouse"]
[Black "David Perna-Fraser"]
[Result "0-1"]
[WhiteCountry "ENG"]
[BlackCountry "CAN"]
[WhiteElo "1891"]
[WhiteRD "50"]
[BlackElo "2253"]
[BlackRD "56"]
[GameID "372628"]

1. e4 c5 2. c3 d5 3. exd5 Qxd5 4. d4 Nf6 5. Nf3 g6 6. Be3 cxd4 7. Nxd4 Bg7 8. Nd2 O-O 9. Qf3 Nbd7 10. Bc4 Qd6
11. O-O Ne5 12. Qe2 Nxc4 13. Nxc4 Qa6 14. Nd2 Qxe2 15. Nxe2 Rd8 16. Nb3 Nd5 17. Bd4 e5 18. Be3 Nxe3 19. fxe3 Bh6 20. Kf2 Rd3
21. e4 Be6 22. Rad1 Be3+ 23. Ke1 Rxd1+ 24. Kxd1 Rd8+ 25. Ke1 Bc4 26. Rf3 Bg5 27. Nec1 b6 28. g3 h5 29. h4 Bh6 30. Rf2 a5
31. Nd2 Bb5 32. b3 Be3 33. Rg2 Bc6 34. Re2 Bh6 35. a3 Kg7 36. b4 axb4 37. axb4 Bb5 38. Rg2 f6 39. Ncb3 Rd3 40. c4 Ba4
41. Nc1 Rc3 42. Ne2 Rc2 43. Ng1 Bxd2+ 44. Rxd2 Rxc4
0-1

[Event "January 1800+ "]
[Site "SchemingMind.com"]
[Date "2015.01.07"]
[Round "-"]
[White "David Perna-Fraser"]
[Black "Stephen Woodhouse"]
[Result "1-0"]
[WhiteCountry "CAN"]
[BlackCountry "ENG"]
[WhiteElo "2253"]
[WhiteRD "56"]
[BlackElo "1891"]
[BlackRD "50"]
[GameID "372629"]

1. e4 e6 2. d4 d5 3. Nd2 c5 4. Ngf3 cxd4 5. exd5 Qxd5 6. Bc4 Qd6 7. O-O Nf6 8. Nb3 Nc6 9. Nbxd4 Nxd4 10. Nxd4 a6
11. Re1 Qc7 12. Qe2 Bd6 13. Bg5 O-O 14. Bxf6 gxf6 15. Qg4+ Kh8 16. Qh4 Be7 17. Re3 f5 18. Qh5 Bd6 19. Rh3 f6 20. Nxe6 Bxe6
21. Bxe6 Rae8 22. Bxf5 Re7 23. Rd1 Rd8 24. Rhd3
1-0